| 000 | 01100cam a22003617a 4500 | ||
|---|---|---|---|
| 003 | CHAP | ||
| 005 | 20220817042520.0 | ||
| 008 | 971013s1986 r 00010 d | ||
| 010 | _a46911 | ||
| 011 | _a47883 | ||
| 035 | _a52026 | ||
| 040 | _cCHAP | ||
| 082 |
_a633.18 _bF37f |
||
| 110 | _aFAO | ||
| 245 | 0 |
_aRiz _b: certains aspects des politiques de production de commerce et de prix |
|
| 260 |
_aRome : _bFAO, _c1986 |
||
| 300 |
_a102 p. _b: gráfs. |
||
| 410 | _aFAO | ||
| 490 | 0 |
_aDesarrollo económico y social _v; 54 |
|
| 590 |
_aBATCH-UPD _b10 _c20130110 _lUCH01 _h1906 |
||
| 590 |
_aBATCH-UPD _b10 _c20130410 _lUCH01 _h1233 |
||
| 590 |
_aBATCH-UPD _b10 _c20130914 _lUCH01 _h0409 |
||
| 590 |
_aBATCH-UPD _b10 _c20130914 _lUCH01 _h2013 |
||
| 590 |
_aCONVERSION _b10 _c20130109 _lUCH01 _h1326 |
||
| 650 | 1 | 4 |
_aArroz _xMercadeo. _97632 |
| 650 | 1 | 4 |
_aArroz _xPrecios. _97645 |
| 650 | 1 | 4 |
_aPolítica arrocera. _990431 |
| 810 | 0 | _aFAO | |
| 830 | 0 | 0 |
_aDesarrollo económico y social _v; 54 _932058 |
| 901 | _aBK | ||
| 942 | _cLIBRO | ||
| 949 |
_a633.18 F37f _bBC _cFAO _d-116124 _eFAO1 _h68744 _i52026 _si |
||
| 999 |
_c46911 _d46911 |
||